000
00280nam a2200121Ia 4500
008
240624s9999 xx 000 0 und d
041
_a
eng
082
_a
333.79 VAI
100
_a
VAITHEESWARAN VIJAY V
245
_a
POWER TO THE PEOPLE
260
_c
2003
_b
333.79 VAI
365
_c
999
_c
28752
_d
28752